| 000 -ლიდერი |
| ფიქსირებული სიგრძის საკონტროლო ველი |
01639nam a2200265Ia 4500 |
| 001 - საკონტროლო ნომერი |
| საკონტროლო ველი |
7998 |
| 003 - საკონტროლო ნომრის იდენტიფიკატორი |
| საკონტროლო ველი |
GE_BSU |
| 005 - ბოლო ოპერაციის თარიღი და დრო |
| საკონტროლო ველი |
20240212160413.0 |
| 008 - ფიქსირებული სიგრძის მონაცემთა ელემენტები - ზოგადი ინფორმაცია |
| ფიქსირებული სიგრძის საკონტროლო ველი |
181216s2012ge xx |||||||||||||| ||geo|| |
| 020 ## - წიგნის საერთაშორისო სტანდარტული ნომერი |
| International Standard Book Number |
9789941411564. |
| 040 ## - კატალოგიზაციის წყარო |
| Transcribing agency |
GE_BSU |
| 041 ## - ენის კოდი |
| Language code of text/sound track or separate title |
geo |
| 080 ## - უნივერსალური ათობითი კლასიფიკაციის ინდექსი |
| Universal Decimal Classification number |
614.253+147:61 ა-26 |
| 100 ## - მთავარი ჩანაწერი - პიროვნების სახელი |
| Personal name |
ახალაძე,ადამი ( ვახტანგ;არქიმანდრიტი). |
| 9 (RLIN) |
14970 |
| 245 ## - ცნობა სათაურის შესახებ |
| Title |
ბიოეთიკა : გენეზისი, არსი, მერმისი = Bioethics: Genesis, essence, futurity = Биоэтика : Генезис, сущность, будущность / |
| Statement of responsibility, etc |
ადამი( ვახტანგ არქიმანდრიტი)ახალაძე ; რედ. მანანა ტუსკია ; ინგლ. ენაზე მთარგმნ. ნინო სანიკიძე ; ცისანა-მარიამ ბოცვაძე. |
| 264 ## - წარმოების, გამოცემის, დისტრიბუციის და სხვა ცნობები |
| გამოცემის, წარმოების, დისტრიბუციის... ადგილი |
თბილისი : |
| გამოცემის, წარმოების, დისტრიბუციის... სახელწოდება |
სეზანი, |
| გამოცემის, წარმოების, დისტრიბუციის... თარიღი |
2012. |
| 300 ## - ფიზიკური აღწერა |
| Extent |
552 გვ. ; |
| Dimensions |
23 სმ. |
| 520 ## - SUMMARY, ETC. |
| Summary, etc |
თავფურცელი, რეზიუმე ინგლისურ და რუსულ ენებზე |
| 653 ## - INDEX TERM--UNCONTROLLED |
| Uncontrolled term |
ბიოეთიკა |
| 653 ## - INDEX TERM--UNCONTROLLED |
| Uncontrolled term |
გენეზისი, არსი, მერმისი |
| 700 ## - ADDED ENTRY--PERSONAL NAME |
| Personal name |
ტუსკია, მანანა |
| Relator term |
რედაქტორი |
| 9 (RLIN) |
14976 |
| 700 ## - ADDED ENTRY--PERSONAL NAME |
| Personal name |
სანიკიძე, ნინო |
| Relator term |
მთარგმნელი |
| 9 (RLIN) |
14977 |
| 700 ## - ADDED ENTRY--PERSONAL NAME |
| Personal name |
ბოცვაძე, ცისანა-მარიამ |
| Relator term |
მთარგმნელი |
| 9 (RLIN) |
14978 |
| 942 ## - ADDED ENTRY ELEMENTS (KOHA) |
| Koha item type |
წიგნი |
| Source of classification or shelving scheme |
|